Έλληνες στρατιώται εν τη Δύσει και αναγέννησις της ελληνικής τακτικής

Αποθηκεύτηκε σε:
Λεπτομέρειες βιβλιογραφικής εγγραφής
Κύριος συγγραφέας: Σάθας, Κωνσταντίνος Ν., 1842-1914
Μορφή: Βιβλίο
Γλώσσα:Greek
Δημοσίευση: Αθήνα : Καραβίας, 1986
Σειρά:Βιβλιοθήκη ιστορικών μελετών (Εκδόσεις-Βιβλιοπωλείο Διονυσίου Νότη Καραβία)
Θέματα:
Ετικέτες: Προσθήκη ετικέτας
Δεν υπάρχουν, Καταχωρήστε ετικέτα πρώτοι!

MARC

LEADER 00000cam a2200000 i 4500
001 1/97256
008 950210s1986 gre d
035 |l 10010488 
040 |a GR-MY-UA  |b gre  |e aacr 
041 0 |a gre 
082 0 |a 938.305 
100 1 |a Σάθας, Κωνσταντίνος Ν.,   |d 1842-1914. 
245 1 0 |a Έλληνες στρατιώται εν τη Δύσει και αναγέννησις της ελληνικής τακτικής /  |c Κ. Σάθα 
260 |a Αθήνα :   |b Καραβίας,   |c 1986 
300 |a 287 σ. 
490 1 |a Βιβλιοθήκη ιστορικών μελετών  |v ; 210 
650 0 0 |a Military history. 
650 0 0 |a Soldiers  |z Greece  |x History. 
651 0 |a Greece  |x History, Military. 
830 0 |a Βιβλιοθήκη ιστορικών μελετών (Εκδόσεις-Βιβλιοπωλείο Διονυσίου Νότη Καραβία) 
852 |a INST  |b LESVOS  |e 19950210  |h 938.305 ΣΑΘ  |p 005100002991  |q 005100002991  |t BK  |y 0 
909 |a Λ  |b 027973 
922 |a 1ΕΛΗ  |b 199308  |c ΠΠ/3172